А. П. Чеховун журналистик фэалиjjэти (Запись № 13289071)

Подробности
000 -МАРКЕР
контрольное поле 01444nam0a2200337 4500
001 - ИДЕНТИФИКАТОР ЗАПИСИ
контрольное поле RU\NLR\ONL2\12643
005 - ИДЕНТИФИКАТОР ВЕРСИИ
контрольное поле 20260408153639.0
035 ## - ДРУГИЕ СИСТЕМНЫЕ НОМЕРА
Идентификатор записи (NLR Aleph) 009660229
100 ## - ДАННЫЕ ОБЩЕЙ ОБРАБОТКИ
Данные общей обработки 20081101d1960 |||y0rusy50 ca
101 0# - ЯЗЫК РЕСУРСА
Язык текста, звукозаписи и т.д. азербайджанский
102 ## - СТРАНА ПУБЛИКАЦИИ ИЛИ ПРОИЗВОДСТВА
Страна публикации Азербайджан
105 ## - ПОЛЕ КОДИРОВАННЫХ ДАННЫХ: ТЕКСТОВЫЕ МАТЕРИАЛЫ, МОНОГРАФИЧЕСКИЕ
Кодированные данные о монографическом текстовом документе y |||||||||
200 1# - ЗАГЛАВИЕ И СВЕДЕНИЯ ОБ ОТВЕТСТВЕННОСТИ
Основное заглавие А. П. Чеховун журналистик фэалиjjэти
Первые сведения об ответственности Н. Т. Багыров, тарих елм. нам.
Последующие сведения об ответственности Азэрб. ССР Наз. Сов. Али вэ орта ихт. тэhс. комитэси
210 ## - ПУБЛИКАЦИЯ, РАСПРОСТРАНЕНИЕ И ДР.
Место издания, распространения и т.д. Бакы
Имя издателя, распространителя и т. д. АДУ
Дата издания, распространения и т.д. 1960
215 ## - ФИЗИЧЕСКАЯ ХАРАКТЕРИСТИКА
Специфическое обозначение материала и объем 89 с.
Размеры 20
541 1# - ПЕРЕВОД ЗАГЛАВИЯ, СДЕЛАННЫЙ КАТАЛОГИЗАТОРОМ
Связь между полями z01790
Заглавие Журналистическая деятельность А. П. Чехова
Язык заглавия русский
606 0# - НАИМЕНОВАНИЕ ТЕМЫ КАК ПРЕДМЕТ
Наименование темы Журналистика
Хронологический подзаголовок 19 - 20 вв.
Системный номер авторитетной/нормативной записи 1130146
Идентификатор авторитетной/нормативной записи RU\NLR\AUTH\66448760
606 ## - НАИМЕНОВАНИЕ ТЕМЫ КАК ПРЕДМЕТ
Наименование темы Русская литература
Хронологический подзаголовок 19 - 20 вв.
Системный номер авторитетной/нормативной записи 995178
Идентификатор авторитетной/нормативной записи RU\NLR\AUTH\6658715
686 1# - ИНДЕКСЫ ДРУГИХ КЛАССИФИКАЦИЙ
Индекс Ш5(2=Р)5-4Чехов1
686 1# - ИНДЕКСЫ ДРУГИХ КЛАССИФИКАЦИЙ
Индекс Ч612.3(2)
700 #1 - ИМЯ ЛИЦА - ПЕРВИЧНАЯ ОТВЕТСТВЕННОСТЬ
Начальный элемент ввода Багыров
Часть имени, кроме начального элемента ввода Н. Т.
Расширение инициалов личного имени Нусрэт Тагы оглу
Код отношения Автор
702 #1 - ИМЯ ЛИЦА - ВТОРИЧНАЯ ОТВЕТСТВЕННОСТЬ
Код отношения Прочие
Графика поля Кириллица
Материалы, к которым относится поле rus
Начальный элемент ввода Чехов
Часть имени, кроме начального элемента ввода А. П.
Дополнения к именам, кроме дат писатель
Даты 1860-1904
Расширение инициалов личного имени Антон Павлович
Системный номер авторитетной/нормативной записи 110414
Идентификатор авторитетной/нормативной записи RU\NLR\AUTH\77359
790 #1 - ИМЯ ЛИЦА - АЛЬТЕРНАТИВНАЯ ФОРМА
Связь между полями z01541
Начальный элемент ввода Багиров
Часть имени, кроме начального элемента ввода Н. Т.
Расширение инициалов личного имени Нусрат Таги оглы
Код отношения Автор
801 #0 - ИСТОЧНИК ЗАПИСИ
Страна Российская Федерация
Организация NLR
Дата составления 20090204
Правила каталогизации PSBO
852 ## - МЕСТОНАХОЖДЕНИЕ И ШИФР ХРАНЕНИЯ
Идентификатор организации NLR
Наименование фонда или коллекции (Sub-Location Identifier) ОНЛ
Шифр хранения (Call Number) Азерб./2-10606
942 ## - ДОПОЛНИТЕЛЬНЫЕ ЭЛЕМЕНТЫ ЗАПИСИ (АБИС)
Тип экземпляра АБИС Книга
980 ## - КОЛЛЕКЦИЯ
Название коллекции Каталог книг на языках народов РФ и стран СНГ
980 ## - КОЛЛЕКЦИЯ
Название коллекции Национальная библиография
Экземпляры
Тип экземпляра Дата поступления Библиотека постоянного хранения Библиотека текущего хранения Место хранения Шифр хранения Штрих-код Статус экземпляра
Книга 26.10.2013 РНБ (Московский) РНБ (Московский) Фонд национальных литератур Азерб./2-10606 9660229-10